Ayuda en semillas, agroempresas y crisis alimentaria

Spremljeno u:
Bibliografski detalji
Format: Tekst
Online pristup:_
Oznake: Dodaj oznaku
Bez oznaka, Budi prvi tko označuje ovaj zapis!

MARC

LEADER 00000 a a2200000 04500
001 41234
003
040
245 |a Ayuda en semillas, agroempresas y crisis alimentaria  
773 |g número58 ( , 2008), páginas 3-7 : fotos  
856 |u http://www.grain.org/   |y _   |q PTA  
999 |c 32227  |d 32227